| 000 | 01895nam a2200253 a 4500 | ||
|---|---|---|---|
| 001 | 000000210 | ||
| 003 | DO-SdBNP | ||
| 005 | 20241010113234.0 | ||
| 008 | 081127s2008 dr 001 0 spa d | ||
| 020 | _a9789945161946 | ||
| 020 | _a9945161946 | ||
| 040 |
_aDO-SdBNP _bspa _cBNPHU |
||
| 082 | 4 |
_222 _a371.102 _bU42e |
|
| 100 | 1 |
_aUlloa Morel, Luis _9691 |
|
| 245 | 1 | 0 |
_aEnseñar es fácil : _breflexiones sobre una esencial función humana que la sociedad ha terminado complicando / _cLuis Ulloa Morel. |
| 260 |
_aSanto Domingo : _bBúho, _c2008. |
||
| 300 |
_a135 p. ; _c21cm. |
||
| 505 | 0 |
_tEnseñaza es, y no es, "fácil" -- _tEscuela y maestro/a hoy: atrapados con salida -- _tLo especial del oficio de educar -- _tLa enseñanza: una clasificación -- _t¿Quién puede enseñar? -- _tSe busca el docente ideal -- _tDe la calidad del magisterio -- _tSobre la motivación pedagógica -- _tDel uso unilateral de las técnicas expositivas de enseñanza -- _tSi la enseñanza dialógica -- _tLa escucha como valor pedagógico -- _tDel efecto examen a la auténtica evaluación -- _tLa andragogía, pedagogía de adultos -- _tDidáctica y tecnologías de la comunicación -- _tDe nuevo sobre los TIC y la educación -- _tPor una visión "ecosistémica" de la educación -- _tLa enseñanza en la visión "ecosistémica de la educación" -- _tDe los fines educativos -- _tHogar, escuela y valores -- _tHogar, escuela, valores, sociedad -- _tUna aproximación -- _tPor una política de formación de docentes en República Dominicana -- _tMis objeciones a las pruebas nacionales -- _tLa delincuencia y la violencia criminal: una aproximación desde las ciencias de la educación -- _tRetos y posibilidades de la educación en el mundo de hoy. |
|
| 590 | _aInventariado, 2018/VM | ||
| 650 | 4 |
_aEducación _xEnseñanza _9692 |
|
| 650 | 0 |
_aPedagogía _9693 |
|
| 910 | _aValidado. Control de calidad MFF | ||
| 942 |
_2ddc _cLBS1 |
||
| 999 |
_c210 _d210 |
||